000
00334nam a2200157 a 4500
008
190522s |||| d
260
_a
Praha
_b
Pražské
958
_a
AUL
958
_a
A
245
1
0
_a
Neveste pro Napoleona
250
_a
1.vydanie
020
_c
0
041
_a
cze
100
1
_a
Charles de Caulle
044
_a
CZ
999
_c
20720
_d
20720